Statistiques concernant Trouver le streamer FR avec image

Cliquez ici pour prendre le quiz!

Statistiques générales

  • Ce quiz a été pris 188 fois
    (182 depuis la dernière actualisation)
  • Le résultat moyen est 54 sur 113

Statistiques - réponses

Réponse% Correct
Inoxtag
99%
Squeezie
98%
Gotaga
97%
AmineMaTue
96%
Bigflo
95%
Mastu
94%
Joyca
93%
RebeuDeter
93%
Michou
92%
LeBouseuh
89%
MaximeBiaggi
87%
Doigby
86%
Domingo
85%
Carlito
84%
Antoine Griezmann
82%
JoueurDuGrenier
80%
Maghla
80%
Samuel Etienne
79%
Kameto
78%
Locklear
78%
Terracid
76%
AntoineDaniel
75%
Etoiles
75%
TheKairi78
75%
Djilsi
73%
Jiraya
73%
BagheraJones
72%
Etienne moustache
72%
Ponce
70%
Henry Tran
69%
Jean-Luc Melenchon
69%
Sardoche
69%
Laink
68%
Zerator
68%
Grimkujow
66%
Mickalow
66%
CyrilMP4
64%
Linca
64%
David Lafarge
62%
Skyyart
61%
Sosomaness
61%
Valouzz
60%
Mister MV
58%
LittleBigWhale
57%
Xari
57%
Bob Lennon
54%
Papesan
54%
Horty
53%
YassEncore
52%
Amaru
51%
Deujna
51%
Pfut
51%
Ravus
51%
Aypierre
49%
Jbzz
49%
Maskey
49%
Moman
47%
Helydia
46%
Tomy
46%
Tonton
46%
Ultia
45%
Siphano
44%
Hctuan
43%
Kotei
41%
Rivenzi
41%
Alphacast
40%
Chowh1
40%
Snaptrox
40%
JuliaBayonetta
39%
Kenny
39%
Asterion
37%
Flamby
37%
Jeel
37%
Kinstaar
37%
AngleDroit
32%
JeanPormanove
31%
Nikof
31%
Hugodelire
30%
DocJazy
29%
Potatoz
29%
Lutti
28%
Frigiel
27%
Byilhan
26%
Fugu
25%
Romain
25%
Akytio
22%
Mathox
21%
Colas
20%
Arkunir
19%
Wao
19%
Rasmelthor
18%
TheGuill84
18%
Kaydop
17%
Skite
16%
Fildrong
15%
Laupok
14%
Mentalow
14%
Radosin
14%
D7
13%
Fabi1
13%
Josplay
12%
Fairy Peak
11%
Hexakil
10%
JulietteArz
10%
Mushway
10%
Gaspow
9%
Fuury
7%
Julgane
7%
Mawkzy
7%
JimmyBoyyy
6%
AurelienSama
5%
Sneaze
4%
Ascuns
2%

Distribution des résultats

Percentile par nombre de réponses

% des personnes avec chaque résultat

Votre développement - résultats

Vous n’avez pas pris ce quiz depuis la dernière actualisation